MARC details
| 000 -LEADER |
| fixed length control field |
04090cam a2200637Ki 4500 |
| 001 - CONTROL NUMBER |
| control field |
ocn909278309 |
| 003 - CONTROL NUMBER IDENTIFIER |
| control field |
OCoLC |
| 005 - DATE AND TIME OF LATEST TRANSACTION |
| control field |
20200420131253.0 |
| 006 - FIXED-LENGTH DATA ELEMENTS--ADDITIONAL MATERIAL CHARACTERISTICS--GENERAL INFORMATION |
| fixed length control field |
m o d |
| 007 - PHYSICAL DESCRIPTION FIXED FIELD--GENERAL INFORMATION |
| fixed length control field |
cr cnu---unuuu |
| 008 - FIXED-LENGTH DATA ELEMENTS--GENERAL INFORMATION |
| fixed length control field |
150518s2015 enk o 000 0 eng d |
| 020 ## - INTERNATIONAL STANDARD BOOK NUMBER |
| Cancelled/invalid ISBN |
9781137426604 |
| 035 ## - SYSTEM CONTROL NUMBER |
| System control number |
(OCoLC)909278309 |
| 037 ## - SOURCE OF ACQUISITION |
| Stock number |
760908 |
| Source of stock number/acquisition |
Palgrave Macmillan |
| Note |
http://www.palgraveconnect.com |
| 040 ## - CATALOGING SOURCE |
| Original cataloging agency |
UKPGM |
| Language of cataloging |
eng |
| Description conventions |
rda |
| -- |
pn |
| Transcribing agency |
TZ-ArACH |
| Modifying agency |
OCLCO |
| 043 ## - GEOGRAPHIC AREA CODE |
| Geographic area code |
f------ |
| 049 ## - LOCAL HOLDINGS (OCLC) |
| Holding library |
TZAA |
| 050 #4 - LIBRARY OF CONGRESS CALL NUMBER |
| Classification number |
JZ6377 |
| Item number |
.B33 |
| 082 04 - DEWEY DECIMAL CLASSIFICATION NUMBER |
| Classification number |
341.5/84 |
| Edition number |
23 |
| 100 1# - MAIN ENTRY--PERSONAL NAME |
| Personal name |
Badmus, Isiaka A., |
| Dates associated with a name |
1967- |
| Relator term |
author. |
| 245 14 - TITLE STATEMENT |
| Title |
African Union's role in peacekeeping : |
| Remainder of title |
building on lessons learned from security operations / |
| Statement of responsibility, etc |
Isiaka Badmus. |
| 260 ## - PUBLICATION, DISTRIBUTION, ETC. (IMPRINT) |
| Place of publication, distribution, etc |
Houndmills, Basingstoke, Hampshire ; |
| -- |
New York, NY ; |
| Name of publisher, distributor, etc |
Palgrave Macmillan, |
| Date of publication, distribution, etc |
2015 |
| 300 ## - PHYSICAL DESCRIPTION |
| Extent |
xvi; 277 |
| 490 1# - SERIES STATEMENT |
| Series statement |
Rethinking peace and conflict studies |
| 505 0# - FORMATTED CONTENTS NOTE |
| Formatted contents note |
1. Conceptual Framework and Some Background Issues -- 2. The Rise of African Union Regionalism -- 3. The African Peace and Security Architecture -- 4. The African Mission in Burundi -- 5. The African Union Mission in Somalia -- 6. The African Union/United Nations Hybrid Operation in Darfur -- Conclusions: What Works, What Doesn't, and Why? |
| 520 ## - SUMMARY, ETC. |
| Summary, etc |
"This study examines the African Union's (AU) role as a conflict management and peace consolidation actor in Africa. Based on a qualitative research methodology, it analyses AU peace operations in Burundi and Somalia, and hybrid peacekeeping in Darfur, in order to identify the lessons learned and suggest how future outcomes may be improved. Dr Isiaka Badmus discusses the need for African leaders to fully engage and contribute to funding Africa's new security architecture, while continuing to recognise the immediate imperative of international assistance. His study is a significant contribution to the growing body of policy analysis and academic scholarship on peacekeeping in Africa at a time when the AU is developing its capacity for comprehensive and self-sufficient peace support operations"-- |
| 610 20 - SUBJECT ADDED ENTRY--CORPORATE NAME |
| Corporate name or jurisdiction name as entry element |
African Union. |
| 610 27 - SUBJECT ADDED ENTRY--CORPORATE NAME |
| Corporate name or jurisdiction name as entry element |
African Union. |
| Source of heading or term |
fast |
| 650 #0 - SUBJECT ADDED ENTRY--TOPICAL TERM |
| Topical term or geographic name as entry element |
Peacekeeping forces |
| Geographic subdivision |
Africa. |
| 9 (RLIN) |
15372 |
| 650 #0 - SUBJECT ADDED ENTRY--TOPICAL TERM |
| Topical term or geographic name as entry element |
Peace-building |
| Geographic subdivision |
Africa. |
| 650 #7 - SUBJECT ADDED ENTRY--TOPICAL TERM |
| Topical term or geographic name as entry element |
Political Science |
| General subdivision |
International Relations |
| -- |
General. |
| Source of heading or term |
bisacsh |
| 9 (RLIN) |
15951 |
| 650 #7 - SUBJECT ADDED ENTRY--TOPICAL TERM |
| Topical term or geographic name as entry element |
Political Science |
| General subdivision |
Peace. |
| Source of heading or term |
bisacsh |
| 650 #7 - SUBJECT ADDED ENTRY--TOPICAL TERM |
| Topical term or geographic name as entry element |
POLITICAL SCIENCE |
| General subdivision |
Government |
| -- |
International. |
| Source of heading or term |
bisacsh |
| 650 #7 - SUBJECT ADDED ENTRY--TOPICAL TERM |
| Topical term or geographic name as entry element |
Peace studies & conflict resolution |
| Geographic subdivision |
Africa. |
| Source of heading or term |
bicssc |
| 650 #7 - SUBJECT ADDED ENTRY--TOPICAL TERM |
| Topical term or geographic name as entry element |
International institutions |
| Geographic subdivision |
Africa. |
| Source of heading or term |
bicssc |
| 650 #7 - SUBJECT ADDED ENTRY--TOPICAL TERM |
| Topical term or geographic name as entry element |
Peacekeeping operations |
| Geographic subdivision |
Africa. |
| Source of heading or term |
bicssc |
| 650 #7 - SUBJECT ADDED ENTRY--TOPICAL TERM |
| Topical term or geographic name as entry element |
Peace-building. |
| Source of heading or term |
fast |
| 650 #7 - SUBJECT ADDED ENTRY--TOPICAL TERM |
| Topical term or geographic name as entry element |
Peacekeeping forces. |
| Source of heading or term |
fast |
| 650 #7 - SUBJECT ADDED ENTRY--TOPICAL TERM |
| Topical term or geographic name as entry element |
Peace studies & conflict resolution |
| Geographic subdivision |
Africa. |
| Source of heading or term |
thema |
| 650 #7 - SUBJECT ADDED ENTRY--TOPICAL TERM |
| Topical term or geographic name as entry element |
International institutions |
| Geographic subdivision |
Africa. |
| Source of heading or term |
thema |
| 650 #7 - SUBJECT ADDED ENTRY--TOPICAL TERM |
| Topical term or geographic name as entry element |
Peacekeeping operations |
| Geographic subdivision |
Africa. |
| Source of heading or term |
thema |
| 650 #7 - SUBJECT ADDED ENTRY--TOPICAL TERM |
| Topical term or geographic name as entry element |
Politics and Government. |
| Source of heading or term |
ukslc |
| 651 #7 - SUBJECT ADDED ENTRY--GEOGRAPHIC NAME |
| Geographic name |
Africa. |
| Source of heading or term |
fast |
| 776 08 - ADDITIONAL PHYSICAL FORM ENTRY |
| Display text |
Print version: |
| Main entry heading |
Badmus, Isiaka, 1967- |
| Title |
African Union's role in peacekeeping |
| International Standard Book Number |
9781137426604 |
| Record control number |
(DLC) 2015001283 |
| -- |
(OCoLC)898925048 |
| 830 #0 - SERIES ADDED ENTRY--UNIFORM TITLE |
| Uniform title |
Rethinking peace and conflict studies. |
| 856 40 - ELECTRONIC LOCATION AND ACCESS |
| Materials specified |
Ebook Library |
| Uniform Resource Identifier |
<a href="http://public.eblib.com/choice/publicfullrecord.aspx?p=4331025">http://public.eblib.com/choice/publicfullrecord.aspx?p=4331025</a> |
| 856 40 - ELECTRONIC LOCATION AND ACCESS |
| Materials specified |
Ebook Library |
| Uniform Resource Identifier |
<a href="http://public.eblib.com/choice/publicfullrecord.aspx?p=4001302">http://public.eblib.com/choice/publicfullrecord.aspx?p=4001302</a> |
| 856 40 - ELECTRONIC LOCATION AND ACCESS |
| Materials specified |
EBSCOhost |
| Uniform Resource Identifier |
<a href="http://search.ebscohost.com/login.aspx?direct=true&scope=site&db=nlebk&db=nlabk&AN=1172776">http://search.ebscohost.com/login.aspx?direct=true&scope=site&db=nlebk&db=nlabk&AN=1172776</a> |
| 856 40 - ELECTRONIC LOCATION AND ACCESS |
| Materials specified |
Palgrave Connect |
| Uniform Resource Identifier |
<a href="http://www.palgraveconnect.com/doifinder/10.1057/9781137426611">http://www.palgraveconnect.com/doifinder/10.1057/9781137426611</a> |
| 856 40 - ELECTRONIC LOCATION AND ACCESS |
| Materials specified |
ProQuest Ebook Central |
| Uniform Resource Identifier |
<a href="http://public.ebookcentral.proquest.com/choice/publicfullrecord.aspx?p=4001302">http://public.ebookcentral.proquest.com/choice/publicfullrecord.aspx?p=4001302</a> |
| 856 40 - ELECTRONIC LOCATION AND ACCESS |
| Materials specified |
SpringerLink |
| Uniform Resource Identifier |
<a href="http://link.springer.com/openurl?genre=book&isbn=978-1-349-49087-5">http://link.springer.com/openurl?genre=book&isbn=978-1-349-49087-5</a> |
| 856 40 - ELECTRONIC LOCATION AND ACCESS |
| Materials specified |
SpringerLink |
| Uniform Resource Identifier |
<a href="http://dx.doi.org/10.1057/9781137426611">http://dx.doi.org/10.1057/9781137426611</a> |
| 856 40 - ELECTRONIC LOCATION AND ACCESS |
| Materials specified |
SpringerLink |
| Uniform Resource Identifier |
<a href="https://link.springer.com/openurl?genre=book&isbn=978-1-137-42661-1">https://link.springer.com/openurl?genre=book&isbn=978-1-137-42661-1</a> |
| 856 42 - ELECTRONIC LOCATION AND ACCESS |
| Materials specified |
Cover image |
| Uniform Resource Identifier |
<a href="http://www.netread.com/jcusers2/bk1388/604/9781137426604/image/lgcover.9781137426604.jpg">http://www.netread.com/jcusers2/bk1388/604/9781137426604/image/lgcover.9781137426604.jpg</a> |
| 942 ## - ADDED ENTRY ELEMENTS (KOHA) |
| Source of classification or shelving scheme |
Library of Congress Classification |
| Koha item type |
Books |